000 00687nam a2200181Ia 4500
008 090124s9999 xx 000 0 und d
082 _b122283
100 _aगडकरी राम गणेश (गोविंदाग्रज)
245 _a संगीत पुण्यप्रभाव
250 _a2
260 _c1975
300 _a158
600 _aगडकरी राम गणेश (गोविंदाग्रज)
630 _a संगीत पुण्यप्रभाव
700 _aगडकरी राम गणेश (गोविंदाग्रज)
730 _a संगीत पुण्यप्रभाव
942 _cBOOK
999 _c168369
_d168369